000 00578nam a22002297a 4500
003 BR-BrBNA
005 20231221125842.0
008 231219b bl.||||| |||| 00| 0 por d
040 _aBR-BrBNA
_bpor
041 _apor
072 _aE70
100 _aPedrosa, Ana Maria Chagas.
245 _aGuia de remédios /
250 _a4. ed.
260 _aSão Paulo - SP:
_bEditora Escala Ltda,
_c1999.
300 _a400 p.
650 _aINDUSTRIA FARMACEUTICA
650 _aINFORMAÇÃO
909 _a12/2023
_bSarah
942 _cBK
999 _c260114
_d260114